Proč stále váháš? /

Main Author: Godfrey, Olivene
Other Authors: Švehlová, Emílie
Language: Czech
Published: Praha : I. Železný, 1994
Edition: 1. vyd.
Series: Žhavé lásky
Lásky
Physical Description: 124 s.
Book
Saved in:
LEADER 01108nam a2200337 a 4500
001 000009381
003 CZ BrMZK
005 20250911065057.0
007 ta
008 940715s1994 xr g j cze d
020 |a 80-237-1337-X  |c 24.90 
040 |a BOA001  |b cze 
072 7 |a 821-31/-34  |x Milostná, dobrodružná, fantastická próza  |2 Konspekt  |9 25 
080 |a 821-322.5  |2 MRF 
080 |a (0:82-322.5)  |2 MRF 
100 1 |a Godfrey, Olivene  |7 xx0133667 
245 1 0 |a Proč stále váháš? /  |c Olivene Godfreyová ; Z něm. překl. amer. orig. přel. Emílie Švehlová 
250 |a 1. vyd. 
260 |a Praha :  |b I. Železný,  |c 1994 
300 |a 124 s. 
490 1 |a Žhavé lásky ;  |v 14 (B 7/94) 
490 1 |a Lásky ;  |v 41 
655 7 |a milostné povídky  |7 fd132834  |2 czenas 
655 9 |a love short stories  |2 eczenas 
700 1 |a Švehlová, Emílie  |7 jx20040116020 
765 0 |t Passions 
830 0 |a Žhavé lásky 
830 0 |a Lásky 
910 |a BOA001  |b 1-1000.802 
990 |a BK 
996 6 |b 2610010763  |c 1-1000.802  |l MZK  |r Sklad / do 1 hodiny  |n 2  |p p.v.  |w 000009381  |u 000010  |a 1  |e BOA001  |j MZK50  |s P